000 01103nas a2200325 4500
001 BR8705998
003 BR-BrBNA
005 20231205090829.0
007 ta
008 230509b bl.|||p| |||| 00| 00por d
040 _aBR-BrBNA
_bpor
_cBiblioteca Nacional de Agricultura
041 _a(Pt)
072 _aF08
100 1 _aSantos, H.P. dos
100 1 _aLhamby, J.C.B.
100 1 _aPereira, L.R.
245 1 _aRotacao de culturas, 5: efeito dos cultivos de inverno sobre a produtividade e componentes do rendimento da soja em semeadura direta [Glycine max, cevada, colza, linho, trigo]
246 1 _aCrop rotation, 5: effect of winter crop on soybean productivity and yield components of direct drilled
650 _aSOJA
650 _aCEVADA
650 _aCOLZA
650 _aLINHO
650 _aTRIGO
650 _aROTACAO DE CULTURA
650 _aRENDIMENTO
650 _aPLANTIO DIRETO
773 0 _tPesquisa Agropecuaria Brasileira (Brazil)
_xISSN 0100-204X
_g(Sep 1986), v. 21(9) p. 949-955
_wBR8705998
909 _a202311
_bLúcia
_c55
_dLúcia Elande
942 _2AGRIS
_n0
_cANA
999 _c121117
_d121117